000 00740nam a22002057a 4500
999 _c177883
_d177883
005 20210309153310.0
010 _aENG-129178
020 _a978-81-237-9191-3
_c145.00
035 _aEN-112710
037 _bDBAD/PUB
082 _a616.2414
100 _aNagpal, Jitendra
245 _aVulnerable in Autumn: understanding the elderly/
_cJitendra Nagpal and Aprajita Dixit
260 _aNew Delhi
_bNational Book Trust
_c2020
270 _bNew Delhi
_e110070
_aNehru Bhawan, 5 Institutional Area, Phase-II, Vasant Kunj
300 _axxvi+94p.
_c21cm(pbk)
_bIncluding illustrations and bibliographical references.
500 _aillustration: Alay Ghoshal
700 _aDixit, Aprajita
942 _2ddc
_cEN
_h616.2414
_mNAG